| 000 | 00486nam a2200181Ia 4500 | ||
|---|---|---|---|
| 008 | 231221s9999 xx 000 0 und d | ||
| 020 | _a9790000000000 | ||
| 041 | _aEnglish | ||
| 082 | _a001.64404 PET;1 | ||
| 100 | _aPeterson, Larry L. Davie, Bruce S. | ||
| 245 | 0 | _aComputer networks : a systems approach | |
| 250 | _a4th ed. | ||
| 260 |
_c2007 _bElsevier _aNew Delhi |
||
| 300 | _axxvii, 806 | ||
| 500 | _aDonated by MCA Dpet. | ||
| 650 | _aComputer,networks | ||
| 942 | _cCC | ||
| 999 |
_c231527 _d231527 |
||